LEADER 01303nam a2200289 a 4500 001 000000170188 003 CaOOAMICUS 005 20181107115124.0 008 181029s2018 be u100 u eng r 020 $z978-90-429-3612-6* 032 $aLibriCat 040 $aPUL$bita 245 04$aThe Books of the twelve Prophets : $bMinor Prophets - Major Theologies / $cedited by Heinz-Josef Fabry . 260 $aLeuven, Paris, Bristol :$bPeeters,$c2018. 300 $aXXIV, 558 p. ; $c25 cm. 490 1 $aBibliotheca Ephemeridum theologicarum Lovaniensium ;$v295 504 $aBibliografia in nota. 630 04$aBiblia.$pV.T.$pProphetae.$0(OLS)http://pul/subject/10034 700 1 $aFabry, Heinz-Josef.$0(OLS)http://pul/name/22555 830 0$aBibliotheca Ephemeridum theologicarum Lovaniensium ;$v295.$0(OLS)http://pul/title/1445 850 $aPUL 852 $aPUL$W1$xSL Religione 1$y3$m17 A 295$j193131$qStampati$B198435$CPULBib$Z2$F198435 $H131499 $81 941 1 $a8 996 $6020$z978-90-429-3612-6*$9(OLS)http://pul/number/165085 996 $6245$aThe Books of the twelve Prophets : $bMinor Prophets - Major Theologies / $9(OLS)http://pul/title/210903 996 $6260$aLeuven, Paris, Bristol :$bPeeters$9(OLS)http://pul/publisher/83372 LEADER 01257nam a2200265 u 4500 001 000000061638 003 CaOOAMICUS 005 20070226121039.0 008 010911s1988 it u000 u ita u 035 $a10902253 040 $aPUL(R)$bita 245 03$aLa dottrina sociale cristiana :$buna introduzione /$cButtiglione ... [et al.] ; presentazione di Luigi Negri ; prefazione di Giovanni Marra. 260 $aBologna :$bScuola di dottrina sociale,$c1988. 300 $a248 p. ;$c23 cm 500 $aSul front.: Istituto internazionale per la Dottrina sociale. 650 4$aDottrina sociale della Chiesa.$0(OLS)http://pul/subject/33229 700 1 $aButtiglione, Rocco,$d1948-$0(OLS)http://pul/name/1244 700 1 $aMarra, Giovanni,$cvescovo,$d1931-2018.$0(OLS)http://pul/name/32947 700 1 $aNegri, Luigi,$csac.,$d1941-$0(OLS)http://pul/name/35418 850 $aPUL 852 $aPUL$W1$xSL Religione 2$y84$mRH D 48$j80273$nBK-PRI$b $qStampati altre collocazioni$B80273$CPULBib$Z2$F80273 $81 941 1 $a10 960 $aDottrina sociale cristiana$933229 996 $6245$aLa dottrina sociale cristiana :$buna introduzione$9(OLS)http://pul/title/82293 996 $6260$aBologna :$bScuola di dottrina sociale$9(OLS)http://pul/publisher/70115